MARC

LEADER 00000nam0a2200000 4500
001 14346
005 20231030185632.0
010 |a 5703813239 
035 |a (RuTPU)RU\TPU\book\14439 
035 |a BOOK00014507 
090 |a 14346 
100 |a 20011209d1998 m y0rusy50 ca 
101 0 |a rus 
102 |a RU 
105 |a y j 000zy 
200 1 |a Проектирование волнового твердотельного гироскопа  |e учебное пособие  |f В. А. Матвеев, В. И. Липатников, А. В. Алехин 
210 |a Москва  |c Изд-во МГТУ  |d 1998 
215 |a 168 с. 
610 1 |a гироскопы волновые твердотельные 
610 1 |a проектирование 
610 1 |a погрешности 
610 1 |a анализ 
610 1 |a резонаторы 
610 1 |a системы управления 
610 1 |a параметры 
610 1 |a балансировка 
610 1 |a испытания 
610 1 |a учебные пособия 
675 |a 531.383(075.8)  |v 3 
700 1 |a Матвеев  |b В. А.  |g Валерий Александрович 
701 1 |a Липатников  |b В. И.  |g Василий Иванович 
701 1 |a Алехин  |b А. В.  |g Алексей Викторович 
801 0 |a RU  |b 63413507  |c 20011209  |g PSBO 
801 2 |a RU  |b 63413507  |c 20110427  |g PSBO 
942 |c BK